000 00943nam a2200277 i 4500
001 bg
245 0 0 _aJaka Europa ? :
_bregionalizacja a integracja /
_cred. Piotr Buczkowski, Krzysztof Bondyra, Paweł Śliwa.
260 _aPoznań :
_bWydaw. Wyższej Szkoły Bankowej,
_c1998.
300 _a311 s. :
_b1 mapa ;
_c24 cm.
500 _aStreszcz. ang. przy rozdz.
504 _aBibliogr. przy rozdz.
650 9 _aIntegracja europejska
_xzagadnienia
650 9 _aRegiony (admin.)
_zEuropa
_yod 1945 r.
651 9 _aPolska a Unia Europejska
_xzagadnienia
700 1 _aBUCZKOWSKI, Piotr.
_eRed.
700 1 _aBONDYRA, Krzysztof.
_eRed.
700 1 _aŚLIWA, Paweł.
_eRed.
020 _a8372050287
040 _cBPK
041 0 _apl
_ben
080 _a339.92(438:4-67)
920 _a83-7205-028-7
942 _cKS
008 s pl f |000 0 pol
999 _c38757
_d38757
856 _uhttp://koha.tu.koszalin.pl/cgi-bin/koha/opac-detail.pl?biblionumber=38757
_yKatalog online BPK